Dobrý rozbeh i perspektíva
Prístup podnikov k doplnkovému dôchodkovému poisteniu analyzuje generálny riaditeľ Prvej dôchodkovej doplnkovej poisťovne Tatry-Sympatia, Michal Němec. Uzatvorené zamestnávateľské zmluvy. Typy modelov, ktoré uprednostňujú zamestnávatelia pri uzatváraní zmlúv s poisťovňou Tatry. Faktory vplývajúce na...
Guardado en:
| Autor principal: | |
|---|---|
| Formato: | Capítulo de libro |
| Lenguaje: | eslovaco |
| Materias: | |
| Etiquetas: |
Sin Etiquetas, Sea el primero en etiquetar este registro!
|
MARC
| LEADER | 00000naa a2200000 4500 | ||
|---|---|---|---|
| 001 | r028154 | ||
| 005 | 20230824093338.7 | ||
| 041 | 0 | |a slo | |
| 044 | |a SK | ||
| 245 | 1 | 0 | |a Dobrý rozbeh i perspektíva |c M. Němec |
| 520 | |a Prístup podnikov k doplnkovému dôchodkovému poisteniu analyzuje generálny riaditeľ Prvej dôchodkovej doplnkovej poisťovne Tatry-Sympatia, Michal Němec. Uzatvorené zamestnávateľské zmluvy. Typy modelov, ktoré uprednostňujú zamestnávatelia pri uzatváraní zmlúv s poisťovňou Tatry. Faktory vplývajúce na záujem zamestnávateľov o doplnkové dôchodkové poistenie. Prognóza záujmu podnikov o doplnkové dôchodkové poistenie. | ||
| 610 | 2 | 0 | |a poistenie dôchodkové doplnkové |
| 610 | 2 | 0 | |a poisťovne |
| 610 | 2 | 0 | |a Prvá doplnková dôchodková poisťovňa Tatry-Sympatia Bratislava |
| 610 | 2 | 0 | |a programy sociálne |
| 610 | 2 | 0 | |a zmluvy poistné |
| 100 | 1 | |a Němec, M. | |